| 000 | 01112nam a22003257a 4500 | ||
|---|---|---|---|
| 005 | 20240530110452.0 | ||
| 008 | 150514s2012 ua g 000 0cara d | ||
| 017 |
_a2011/17055 _bمصر . دار الكتب المصرية |
||
| 020 | _a9789774950919 | ||
| 040 | _aEG-CaGPL | ||
| 082 | 0 | 4 |
_221 _a220\ _bي م |
| 100 | 0 | _aيوسف نوفل | |
| 245 | 1 | 0 |
_aمن المكتبة القرآنية / _cيوسف نوفل |
| 250 | _aط1 | ||
| 260 |
_aالقاهرة : _bدار العالم العربى ، _c2012 . |
||
| 300 |
_a214 ص ؛ _c24 سم |
||
| 650 | 0 | 4 | _aالقرآن الكريم |
| 650 | 0 | 4 |
_aالقرآن _xاعجاز |
| 650 | 0 | 4 |
_aالقرآن _xتفاسير نحوية |
| 650 | 0 | 4 |
_aالقرآن _xتفاسير كلامية |
| 650 | 0 | 4 |
_aالقرآن _xتفاسير فقهيه |
| 650 | 0 | 4 |
_aالقرآن _xبلاغة |
| 650 | 0 | 4 |
_aالقرآن _xتفاسير نحوية |
| 650 | 0 | 4 |
_aالقرآن _xتفسير |
| 650 | 0 | 4 |
_aالقرآن _xامثال |
| 650 | 0 | 4 |
_aالقرآن _xعلوم |
| 650 | 0 | 4 | _aقصص القرآن |
| 942 |
_2ddc _cBK |
||
| 999 |
_c61267 _d61267 |
||